| 000 | 00678nam a2200193 a 4500 | ||
|---|---|---|---|
| 008 | 070213s2002 ||||||||||||||||| || u | ||
| 020 | _a0761974059 | ||
| 050 | _aHF 5549 Jac | ||
| 100 | _aJackson, Terence | ||
| 245 | 1 | 0 | _aInternational HRM |
| 246 | _aa cross-cultural approach | ||
| 260 |
_aLondon _bSAGE Publications _c2002 |
||
| 300 | _axii , 252p. : ill. | ||
| 350 | _a0.00 | ||
| 650 | 0 | _aPERSONNEL MANAGEMENT | |
| 650 | _aPERSONNEL MANAGEMENT--CROSS--CULTURAL STUDIES | ||
| 650 | 0 | _aMANAGEMENT | |
| 995 |
_D0.00 _FCBU-MAIN LIBRARY (Kitwe) _H1 _I0.00 _M1 _UAVAILABLE _WFeb 13, 2007 _ZMain Library Open Access Collection |
||
| 999 |
_c47396 _d47396 |
||